[Event "IECG CP.2000.P.00041"]
[Site "IECG email"]
[Date "2000.10.01"]
[Round "?"]
[White "Hoffmann, Michael"]
[Black "Atesin, Tarik T"]
[Result "1-0"]
[WhiteElo "1109"]
[BlackElo "2086"]
[PlyCount "27"]
[EventDate "2000.10.01"]
[EventType "tourn (corr)"]
[EventRounds "6"]
[EventCountry "RUS"]
[SourceTitle "Corr 2008"]
[Source "ChessBase"]
[SourceDate "2008.06.24"]
[SourceVersion "1"]
[SourceVersionDate "2008.06.24"]
[SourceQuality "1"]

1. e4 d5 2. exd5 Nf6 3. Bb5+ Bd7 4. Bc4 Bg4 5. f3 Bf5 6. Nc3 Nbd7 7. g4 Nb6 8. Qe2 Nxc4 9. Qxc4 Bc8 10. Nb5 Kd7 11. g5 Ne8 12. Qg4+ e6 13. dxe6+ fxe6 14. Nxa7 1-0

[Event "IECG C1.1999.0.00218"]
[Site "IECG email"]
[Date "1999.07.21"]
[Round "?"]
[White "Atesin, Tarik T"]
[Black "Contreras Poblete, Juan Antonio"]
[Result "1-0"]
[WhiteElo "2100"]
[BlackElo "1800"]
[PlyCount "43"]
[EventDate "1999.06.18"]
[EventType "tourn (corr)"]
[EventRounds "6"]
[SourceTitle "Corr 2008"]
[Source "ChessBase"]
[SourceDate "2008.06.24"]
[SourceVersion "1"]
[SourceVersionDate "2008.06.24"]
[SourceQuality "1"]

1. e4 d6 2. d4 Nf6 3. Nc3 g6 4. f3 Bg7 5. Be3 Nbd7 6. Qd2 0-0 7. Bh6 c5 8. dxc5 Nxc5 9. Nge2 Bxh6 10. Qxh6 Bd7 11. h4 Qb6 12. 0-0-0 Na4 13. Nxa4 Bxa4 14. Nc3 Bc6 15. h5 Nxh5 16. g4 Nf6 17. Bc4 Qc5 18. g5 Nh5 19. Rxh5 Qe3+ 20. Kb1 gxh5 21. Qxh5 e6 22. Rh1 1-0

[Event "IECG C1.1999.0.00218"]
[Site "IECG email"]
[Date "1999.06.18"]
[Round "?"]
[White "Grazinys, Vidmantas"]
[Black "Atesin, Tarik T"]
[Result "1/2-1/2"]
[WhiteElo "2059"]
[BlackElo "2100"]
[PlyCount "88"]
[EventDate "1999.06.18"]
[EventType "tourn (corr)"]
[EventRounds "6"]
[SourceTitle "Corr 2008"]
[Source "ChessBase"]
[SourceDate "2008.06.24"]
[SourceVersion "1"]
[SourceVersionDate "2008.06.24"]
[SourceQuality "1"]

1. e4 c5 2. Nf3 Nc6 3. Bb5 g6 4. 0-0 Bg7 5. Re1 e5 6. d3 Nge7 7. Nc3 0-0 8. Bg5 f6 9. Be3 d6 10. h3 Be6 11. a3 b6 12. Nd2 Nd4 13. Bc4 d5 14. exd5 Nxd5 15. Nxd5 Bxd5 16. c3 Bxc4 17. Nxc4 Nf5 18. b4 Qd5 19. bxc5 Nxe3 20. Nxe3 Qxc5 21. Qb3+ Kh8 22. Rac1 f5 23. Red1 Bh6 24. d4 Qe7 25. Re1 e4 26. c4 Qh4 27. Rcd1 Rae8 28. d5 f4 29. Ng4 Bg7 30. d6 h5 31. Nh2 f3 32. Qe3 fxg2 33. Re2 Kh7 34. Kxg2 Be5 35. d7 Rd8 36. Nf1 Rf3 37. Qxe4 Qxh3+ 38. Kg1 Rf5 39. Rd5 Rg5+ 40. Ng3 Rxd7 41. Rxe5 Rxg3+ 42. fxg3 Qxg3+ 43. Kh1 Qh3+ 44. Kg1 Qg3+ 1/2-1/2

[Event "IECG C1.1999.0.00218"]
[Site "IECG email"]
[Date "1999.06.18"]
[Round "?"]
[White "Rodriguez, Osvaldo V"]
[Black "Atesin, Tarik T"]
[Result "1/2-1/2"]
[WhiteElo "1829"]
[BlackElo "2100"]
[PlyCount "93"]
[EventDate "1999.06.18"]
[EventType "tourn (corr)"]
[EventRounds "6"]
[SourceTitle "Corr 2008"]
[Source "ChessBase"]
[SourceDate "2008.06.24"]
[SourceVersion "1"]
[SourceVersionDate "2008.06.24"]
[SourceQuality "1"]

1. e4 c5 2. Nc3 Nc6 3. g3 g6 4. Bg2 Bg7 5. d3 d6 6. Be3 e5 7. Nge2 Nge7 8. 0-0 0-0 9. f4 Nd4 10. Rb1 Be6 11. a3 Rc8 12. h3 Qd7 13. Kh2 b5 14. g4 f5 15. g5 d5 16. Bd2 Rcd8 17. exd5 Nxd5 18. Nxd4 Nxc3 19. Bxc3 cxd4 20. Bd2 Bd5 21. Qe2 e4 22. b3 Rfe8 23. h4 Rc8 24. Bb4 exd3 25. Bxd5+ Qxd5 26. Qxd3 Re3 27. Qd2 Qe4 28. Rf2 d3 29. cxd3 Rxd3 30. Qe2 Re3 31. Qd1 Bd4 32. Rc1 Re8 33. Qc2 Qd5 34. Rd1 Qb7 35. Rdf1 Rc8 36. Qd1 Qe4 37. h5 Rd8 38. Rd2 Re8 39. Qc2 Qe6 40. Qd1 Bb6 41. hxg6 hxg6 42. Rd3 Re2+ 43. Kg3 Qe4 44. Rdf3 Be3 45. Qd6 Qe6 46. Qxe6+ Rxe6 47. Rd1 1/2-1/2